000 00943nas a2200313 4500
001 BR2013004311
003 BR-BrBNA
005 20231205122426.0
007 ta
008 230509b bl.|||p| |||| 00| 00por d
040 _aBR-BrBNA
_bpor
_cBiblioteca Nacional de Agricultura
041 _a(Pt)
072 _aL70; L40
100 1 _aRossi, R.S.
100 1 _aBombonato, P.P.
100 1 _aPiva, F.M.
100 1 _aGregory, L.
245 1 _aAvaliação da morfometria renal através do método ultrassonográfico de fêmeas caprinas (Capra hircus)normais da raça Saanen
650 _aCAPRINO
650 _aFÊMEA
650 _aRAÇA
650 _aRIM
650 _aULTRA-SOM
650 _aMORFOLOGIA
650 _aFISIOLOGIA ANIMAL
773 0 _tPesquisa Veterinária Brasileira (Brazil)
_xISSN 0100-736X
_g(Feb 2012), v. 32(2) p. 165-173
_wBR2013004311
909 _a202311
_bLúcia
_c55
_dLúcia Elande
942 _2AGRIS
_n0
_cANA
999 _c228582
_d228582